ბათუმის შოთა რუსთაველის სახელმწიფო უნივერსიტეტის ბიბლიოთეკა

"რაც დავიწყებით არ იბინდება" : (ბიბ.ჩანაწერი № 62787)

000 -ლიდერი
ფიქსირებული სიგრძის საკონტროლო ველი 01298nam a22002177a 4500
003 - საკონტროლო ნომრის იდენტიფიკატორი
საკონტროლო ველი Ge_BSU
005 - ბოლო ოპერაციის თარიღი და დრო
საკონტროლო ველი 20250214171841.0
008 - ფიქსირებული სიგრძის მონაცემთა ელემენტები - ზოგადი ინფორმაცია
ფიქსირებული სიგრძის საკონტროლო ველი 250214s2025 ge ||||| |||| 00| 0 geo d
020 ## - წიგნის საერთაშორისო სტანდარტული ნომერი
International Standard Book Number 9789941509551
041 ## - ენის კოდი
Language code of text/sound track or separate title geo
080 ## - უნივერსალური ათობითი კლასიფიკაციის ინდექსი
Universal Decimal Classification number 355.48(47+57)(=353) რ-29
245 ## - ცნობა სათაურის შესახებ
Title "რაც დავიწყებით არ იბინდება" :
Remainder of title (1992-93 წლებისა და 2008 წლის რუსეთ-საქართველოს ომების ვეტერანთა ნაამბობიდან) /
Statement of responsibility, etc შემდგ.: მ. აბულაძე, ა. აგიბა, ლ. ბაჯელიძე და სხვ.; ყდის დიზაინი გ. გოგოხია.
264 ## - წარმოების, გამოცემის, დისტრიბუციის და სხვა ცნობები
გამოცემის, წარმოების, დისტრიბუციის... ადგილი [თბილისი]
გამოცემის, წარმოების, დისტრიბუციის... სახელწოდება საარი,
გამოცემის, წარმოების, დისტრიბუციის... თარიღი 2025.
300 ## - ფიზიკური აღწერა
Extent 56 გვ. :
Other physical details ილ.;
Dimensions 20 სმ.
653 ## - INDEX TERM--UNCONTROLLED
Uncontrolled term რუსეთ- საქართველოს ომი
700 ## - ADDED ENTRY--PERSONAL NAME
Personal name აბულაძე, მ.
Relator term შემდგენელი
9 (RLIN) 24366
700 ## - ADDED ENTRY--PERSONAL NAME
Personal name აგიბა, ა.
Relator term შემდგენელი
9 (RLIN) 24367
700 ## - ADDED ENTRY--PERSONAL NAME
Personal name ბაჯელიძე ლ. და სხვ.
Relator term შემდგენელი
9 (RLIN) 24368
700 ## - ADDED ENTRY--PERSONAL NAME
Personal name გოგოხია, გ.
Relator term ყდის დიზაინი
9 (RLIN) 24369
942 ## - ADDED ENTRY ELEMENTS (KOHA)
Source of classification or shelving scheme
Koha item type წიგნი
ეგზემპლარები
ჩამოწერის სტატუსი დაკარგული ეგზემპლარის სტატუსი კლასიფიკაციის წყარო ან თაროზე გაწყობის სქემა დაზიანების სტატუსი არ გაიცემა მუდმივი მდებარეობა (დაცვის ადგილი) ამჟამინდელი ადგილსამყოფელი თაროზე განთავსების ადგილი შეძენის თარიღი ღირებულება, შესყიდვის ნორმალური ფასი სრული შენახვის შიფრი შტრიხკოდი ბოლო ოპერაციის თარიღი ეგზემპლარის მიმდევრობითი ნომერი (კეტერი?) Uniform Resource Identifier ფასის ძალაში შესვლის თარიღი ეგზემპლარის სახეობა საჯარო შენიშვნა
          ბათუმის შოთა რუსთაველის სახელმწიფო უნივერსიტეტის მთავარი ბიბლიოთეკა ბათუმის შოთა რუსთაველის სახელმწიფო უნივერსიტეტის მთავარი ბიბლიოთეკა წიგნსაცავი 2025-02-14 4.00 355.48(47+57)(=353) რ-29 70640 2025-02-14 70640 ნაჩუქარი 2025-02-14 წიგნი 4 ლ.
          ბათუმის შოთა რუსთაველის სახელმწიფო უნივერსიტეტის მთავარი ბიბლიოთეკა ბათუმის შოთა რუსთაველის სახელმწიფო უნივერსიტეტის მთავარი ბიბლიოთეკა წიგნსაცავი 2025-02-14 4.00 355.48(47+57)(=353) რ-29 70641 2025-02-14 70641 ნაჩუქარი 2025-02-14 წიგნი 4 ლ.